Perfil de Duarte / (Registro nro. 25825)
[ vista simple ]
| 000 -CABECERA | |
|---|---|
| campo de control de longitud fija | 00760nam a2200205 a 4500 |
| 001 - NÚMERO DE CONTROL | |
| campo de control | 000026333 |
| 005 - FECHA Y HORA DE LA ÚLTIMA TRANSACCIÓN | |
| campo de control | 20240410073846.0 |
| 008 - DATOS DE LONGITUD FIJA--INFORMACIÓN GENERAL | |
| campo de control de longitud fija | 110314t1975 dr ac 001 0bspa d |
| 040 ## - FUENTE DE LA CATALOGACIÓN | |
| Centro catalogador/agencia de origen | DO-SdBNP |
| Lengua de catalogación | spa |
| Centro/agencia transcriptor | BNPHU |
| 082 ## - NÚMERO DE LA CLASIFICACIÓN DECIMAL DEWEY | |
| Número de clasificación | 923.27293 |
| Número de documento/Ítem | D812tr |
| 049 ## - FONDOS LOCALES (OCLC) | |
| Fondos de biblioteca | BNPD |
| 100 1# - ENTRADA PRINCIPAL--NOMBRE DE PERSONA | |
| Nombre de persona | Troncoso Sánchez, Pedro, |
| Fechas asociadas al nombre | 1904-1989 |
| 9 (RLIN) | 23599 |
| 245 10 - MENCIÓN DE TÍTULO | |
| Título | Perfil de Duarte / |
| Mención de responsabilidad, etc. | Pedro Troncoso Sánchez. |
| 260 ## - PUBLICACIÓN, DISTRIBUCIÓN, ETC. | |
| Lugar de publicación, distribución, etc. | Santo Domingo : |
| Nombre del editor, distribuidor, etc. | Editora de la Salle, |
| Fecha de publicación, distribución, etc. | 1975. |
| Fabricante | Amigo del Hogar |
| 300 ## - DESCRIPCIÓN FÍSICA | |
| Extensión | 522 p. : |
| Otras características físicas | il., retrs. ; |
| Dimensiones | 22 cm. |
| 600 10 - PUNTO DE ACCESO ADICIONAL DE MATERIA--NOMBRE DE PERSONA | |
| Nombre de persona | Duarte, Juan Pablo, |
| Fechas asociadas al nombre | 1813-1876 |
| 9 (RLIN) | 1494 |
| 651 #0 - PUNTO DE ACCESO ADICIONAL DE MATERIA--NOMBRE GEOGRÁFICO | |
| Nombre geográfico | República Dominicana -- |
| Subdivisión general | Historia -- |
| Subdivisión cronológica | 1844-1930 |
| 9 (RLIN) | 1009 |
| 651 #4 - PUNTO DE ACCESO ADICIONAL DE MATERIA--NOMBRE GEOGRÁFICO | |
| Nombre geográfico | República Dominicana |
| Subdivisión general | Historia |
| Subdivisión cronológica | OCUPACIÓN HAITIANA, 1822-1844 |
| 9 (RLIN) | 7666 |
| 910 ## - DATOS DE OPCIÓN DEL USUARIO (OCLC) | |
| Datos de opción del usuario | Validado. Control de calidad EMS |
| Estado de retiro | Estado de pérdida | No para préstamo | Código de colección | Localización permanente | Ubicación/localización actual | Ubicación en estantería | Fecha de adquisición | Número de inventario | Total de préstamos | Signatura topográfica completa | Código de barras | Fecha visto por última vez | Precio válido a partir de | Tipo de ítem Koha |
|---|---|---|---|---|---|---|---|---|---|---|---|---|---|---|
| Excluido de préstamo | Patrimonio Dominicano | Patrimonio Dominicano | Patrimonio Dominicano | Depósito | 14.03.2011 | LF1 | 923.27293 D812tr | 26333-10 | 25.06.2020 | 25.06.2020 | Libro y Folleto Colección Patrimonio Dominicano |
